Producción cerámica y economía rural en el Bajo Ebro en época romana: el Alfar de l`Aumedina, Tivissa Tarragona
সংরক্ষণ করুন:
| প্রধান লেখক: | |
|---|---|
| বিন্যাস: | গ্রন্থ |
| ভাষা: | স্প্যানিশ |
| প্রকাশিত: |
Barcelona
Universitat de Barcelona
1993
|
| সংস্করন: | 1a. ed |
| মালা: | Colecció Instrumenta, 1
|
| বিষয়গুলি: | |
| ট্যাগগুলো: |
ট্যাগ যুক্ত করুন
কোনো ট্যাগ নেই, প্রথমজন হিসাবে ট্যাগ করুন!
|
MARC
| LEADER | 00000cam a2200000 a 4500 | ||
|---|---|---|---|
| 001 | UCB0145 | ||
| 003 | CL-VaPUC | ||
| 005 | 20240611114548.0 | ||
| 008 | 191213e19930000sp spa d | ||
| 020 | |a 8447503623 | ||
| 082 | 0 | 4 | |a 930.3 |b REV |2 21 |
| 100 | 1 | |a Revilla Calvo, Víctor |e author |9 605470 | |
| 245 | 1 | 0 | |a Producción cerámica y economía rural en el Bajo Ebro en época romana: el Alfar de l`Aumedina, Tivissa Tarragona |
| 250 | |a 1a. ed | ||
| 260 | |a Barcelona |b Universitat de Barcelona |c 1993 | ||
| 300 | |a 208 p | ||
| 490 | 0 | |a Colecció Instrumenta, 1 | |
| 583 | |a last modification |c 20191213 11:48:00 |k Rodrigo Vera | ||
| 650 | 0 | 0 | |a Arqueología romana |9 322709 |
| 650 | 0 | 0 | |a ceramica |9 262882 |
| 650 | 0 | 7 | |a EXCAVACIONES |2 CL-VaPUC |9 262499 |
| 942 | |c BK | ||
| 945 | |a dcastane |d 20191213 11:48:00 | ||
| 999 | |c 376348 |d 376346 | ||
| 952 | |0 0 |1 0 |2 ddc |3 erb |4 0 |6 930_300000000000000_REV_1993 |7 0 |8 A |9 495739 |a BIBHIS |b BIBHIS |i 5611482 |o 930.3 REV 1993 |p 5611482 |r 2025-01-20 |w 2020-01-06 |y BK |z Catalogado en:20191213 |k HIS | ||